Southville International School and Colleges
Your cart is empty.
  • Cart
  • Lists
    Public lists Eva Luna New books Lux_list list_1
    Your lists Log in to create your own lists
  • Log in to your account
  • Your cookies
  • Search history
Southville International School and Colleges
  • Advanced search
  • Recent comments
  • Most popular
  • Libraries

Log in to your account

Log in with GOOGLE


If you do not have an external account, but do have a local account, you can still log in:

  1. Home
  2. MARC view: The Works of Francis Maitland Balfour, Volume III (of 4)
Normal view MARC view ISBD view

The Works of Francis Maitland Balfour, Volume III (of 4) (Record no. 274270)

[ view plain ]
MARC details
000 -LEADER
fixed length control field 00696cam a22002293a 4500
001 - CONTROL NUMBER
control field 45019
003 - CONTROL NUMBER IDENTIFIER
control field PGUSA
005 - DATE AND TIME OF LATEST TRANSACTION
control field 20140828084028.0
008 - FIXED-LENGTH DATA ELEMENTS--GENERAL INFORMATION
fixed length control field 140226s2014||||xxu|||||s|||||000 | eng d
040 ## - CATALOGING SOURCE
Original cataloging agency PGUSA
Language of cataloging eng
042 ## - AUTHENTICATION CODE
Authentication code dc
100 1# - MAIN ENTRY--PERSONAL NAME
Personal name Balfour, Francis Maitland,
Dates associated with a name 1851-1882
245 14 - TITLE STATEMENT
Title The Works of Francis Maitland Balfour, Volume III (of 4)
Medium [electronic resource] /
Statement of responsibility, etc Francis Maitland Balfour
260 ## - PUBLICATION, DISTRIBUTION, ETC. (IMPRINT)
Name of publisher, distributor, etc Project Gutenberg,
Date of publication, distribution, etc 2014
506 ## - RESTRICTIONS ON ACCESS NOTE
Terms governing access Public domain in the USA.
516 ## - TYPE OF COMPUTER FILE OR DATA NOTE
Type of computer file or data note Electronic text
700 1# - ADDED ENTRY--PERSONAL NAME
Personal name Sedgwick, Adam
700 1# - ADDED ENTRY--PERSONAL NAME
Personal name Foster, Michael
Titles and other words associated with a name Sir
830 #0 - SERIES ADDED ENTRY--UNIFORM TITLE
Uniform title Project Gutenberg
Volume number/sequential designation 45019
856 40 - ELECTRONIC LOCATION AND ACCESS
Uniform Resource Identifier <a href="http://www.gutenberg.org/ebooks/45019">http://www.gutenberg.org/ebooks/45019</a>
942 ## - ADDED ENTRY ELEMENTS (KOHA)
Koha item type eBooks
Holdings
Withdrawn status Lost status Damaged status Home library Current library Date acquired Total Checkouts Date last seen Price effective from Koha item type
      Project Gutenberg Project Gutenberg 08/28/2014   08/28/2014 08/28/2014 eBooks

The Works of Francis Maitland Balfour, Volume III (of 4)

APA

Balfour F. M., Sedgwick A. & Foster M. (2014). The Works of Francis Maitland Balfour, Volume III (of 4). : Project Gutenberg.

Chicago

Balfour Francis Maitland, Sedgwick Adam and Foster Michael. 2014. The Works of Francis Maitland Balfour, Volume III (of 4). : Project Gutenberg.

Harvard

Balfour F. M., Sedgwick A. and Foster M. (2014). The Works of Francis Maitland Balfour, Volume III (of 4). : Project Gutenberg.

MLA

Balfour Francis Maitland, Sedgwick Adam and Foster Michael. The Works of Francis Maitland Balfour, Volume III (of 4). : Project Gutenberg. 2014.

  • Place hold
  • Print
  • Cite
  • Add to your cart (remove)
  • Save record
    BIBTEX Dublin Core MARCXML MARC (non-Unicode/MARC-8) MARC (Unicode/UTF-8) MARC (Unicode/UTF-8, Standard) MODS (XML) RIS
  • More searches
    Search for this title in:
    Other Libraries (WorldCat) Other Databases (Google Scholar) Online Stores (Bookfinder.com) Open Library (openlibrary.org)

Exporting to Dublin Core...

SOUTHVILLE LIBRARY

Southville International School and Colleges Library

1281 Tropical Ave. Cor. Luxembourg St., BF Homes International, Las Pinas City

Tel. No. 8256374 / 252358 Loc. 117/146

Powered by Koha